ბათუმის შოთა რუსთაველის სახელმწიფო უნივერსიტეტის ბიბლიოთეკა

Lexikologie des Deutschen:Eine Einfuhrung (ბიბ.ჩანაწერი № 51595)

000 -LEADER
fixed length control field 00775nam a2200265Ia 4500
001 - CONTROL NUMBER
control field 18586
003 - CONTROL NUMBER IDENTIFIER
control field GE_BSU
008 - FIXED-LENGTH DATA ELEMENTS--GENERAL INFORMATION
fixed length control field 181216s||||||||xx |||||||||||||| ||und||
020 ## - INTERNATIONAL STANDARD BOOK NUMBER
International Standard Book Number 3823361287
040 ## - CATALOGING SOURCE
Transcribing agency GE_BSU
080 ## - UNIVERSAL DECIMAL CLASSIFICATION NUMBER
Universal Decimal Classification number 811.112
100 ## - MAIN ENTRY--PERSONAL NAME
Personal name Romer Christine,Brigitte Matzke.
245 ## - TITLE STATEMENT
Title Lexikologie des Deutschen:Eine Einfuhrung
245 ## - TITLE STATEMENT
Remainder of title narr studienbucher
250 ## - EDITION STATEMENT
Edition statement akualisierte und erganzte auflage
260 ## - PUBLICATION, DISTRIBUTION, ETC.
Place of publication, distribution, etc. Tubingen
260 ## - PUBLICATION, DISTRIBUTION, ETC.
Name of publisher, distributor, etc. Verlag Gunter Narr
260 ## - PUBLICATION, DISTRIBUTION, ETC.
Date of publication, distribution, etc. 2005
300 ## - PHYSICAL DESCRIPTION
Extent 236p, tab,23cm.
653 ## - INDEX TERM--UNCONTROLLED
Uncontrolled term Lexikologie des Deutschen:Eine Einfuhrung
653 ## - INDEX TERM--UNCONTROLLED
Uncontrolled term გერმანული გრამატიკა
653 ## - INDEX TERM--UNCONTROLLED
Uncontrolled term ლექსიკოლოგია გერმანული
942 ## - ADDED ENTRY ELEMENTS (KOHA)
Koha item type წიგნი
ეგზემპლარები
Withdrawn status Lost status Damaged status Not for loan Date acquired Barcode Date last seen Price effective from Koha item type
        2018-12-17 1472 2018-12-17 2018-12-17 წიგნი